[Event "Sigeman & Co 05th"]
[Site "Malmo"]
[Date "1997.06.15"]
[Round "6"]
[White "Sokolov, Ivan"]
[Black "Timman, Jan H"]
[Result "1-0"]
[WhiteElo "2615"]
[BlackElo "2630"]
[Annotator "Ftacnik,L"]
[PlyCount "55"]
[EventDate "1997.06.10"]
[EventType "tourn"]
[EventRounds "9"]
[EventCountry "SWE"]
[EventCategory "13"]
[SourceTitle "CBM 060"]
[Source "ChessBase"]
[SourceDate "1997.09.29"]
[SourceVersion "1"]
[SourceVersionDate "1997.09.29"]
[SourceQuality "1"]

1. d4 {Petursson} Nf6 2. c4 g6 3. Nc3 d5 4. cxd5 Nxd5 5. e4 Nxc3 6. bxc3 Bg7 7.
Bb5+ c6 8. Ba4 b5 9. Bb3 b4 10. Qf3 O-O 11. h4 bxc3 12. Ne2 h5 (12... c5 $6 13.
h5 cxd4 14. hxg6 e6 (14... hxg6 15. Qg3 d3 16. Qxg6 d2+ 17. Bxd2 $1 $18) 15.
Qh5 $1 fxg6 16. Qxh7+ Kf7 17. Bh6 Qf6 (17... Rg8 18. Rh3 $1 $18) 18. Bxg7 $1
Qxg7 19. Nxd4 Re8 20. O-O-O Na6 21. Rd3 $1 Qxh7 22. Rxh7+ Kf6 23. f4 g5 24. e5+
Kg6 25. Rdh3 {1-0 Groszpeter,A-Horvath,C/HUN-ch 1992}) (12... Qd7 13. Ba3 a5
14. Rd1 Na6 15. h5 c2 16. Bxc2 Nb4 17. Bb3 Qg4 18. Qxg4 Bxg4 19. f3 Bc8 20.
Bxb4 axb4 21. Rc1 Ba6 22. hxg6 hxg6 23. Rxc6 e6 24. e5 {Gyimesi,Z-Piip,T/
EU-chJM U16 Szombathely 1993/1-0 (56)}) (12... Ba6 13. h5 Bxe2 14. Kxe2 Qxd4
15. hxg6 hxg6 16. Qh3 Qxe4+ 17. Kf1 g5 18. Bxg5 Rd8 19. Qh5 Rd5 20. Bxd5 cxd5
21. Bh6 Qe5 22. Qg4 Nc6 23. Rh5 Qd4 24. Qxg7+ Qxg7 25. Bxg7 Kxg7 26. Rxd5 c2
27. Rd2 Rh8 28. Kg1 Rh6 29. Rxc2 {Szabolcsi,J-Kaposztas,M/HUN-chT 1993/1-0 (47)
}) 13. Qxc3 (13. Qg3 e6 $13) 13... Bb7 14. O-O $5 (14. Rb1 c5 15. Bxf7+ Rxf7
16. Rxb7 cxd4 17. Qc4 Nd7 18. Qd5 Ne5 19. O-O Qxd5 20. exd5 Nd3 21. Ba3 Rd8 22.
d6 e5 23. Rxf7 Kxf7 24. Rb1 Ke6 {0-1 Szabolcsi,J-Krutti,V/Budapest FS11 IM-A
1993 (37)}) (14. Bg5 Na6 15. Rd1 c5 16. O-O cxd4 17. Nxd4 Qb6 18. Bd5 (18. Qe3
e6 $15) 18... Bxd5 19. exd5 Nb4 20. Qd2 Nxd5 21. Nf5 Rfd8 22. Nxg7 (22. Bxe7
Nxe7 23. Nxe7+ Kf8 24. Nd5 Qc5 25. Qg5 Rab8 26. Nf6 $1) 22... Kxg7 23. Qe2 {
1/2-1/2 Kallai,G-Adorjan,A/HUN-chT 1993 (30)}) (14. e5 Na6 15. Nf4 e6 16. Rh3
c5 17. dxc5 Qc7 18. Bb2 Nxc5 19. Kf1 Qb6 20. Kg1 Rfd8 21. Qe3 Ne4 22. Qxb6 axb6
23. Rd3 Nc5 24. Rxd8+ Rxd8 25. Rd1 Rxd1+ 26. Bxd1 Nd7 27. Nd3 Be4 28. Ba4 Bxd3
{1/2-1/2 Groszpeter,A-Fogarasi,T/Kecskemet 1993}) 14... c5 (14... e5 15. dxe5
Qxh4 16. f4 (16. Ba3 c5 $1 17. Bd5 Bxd5 18. exd5 Qe4 19. Qd2 Rd8 20. Rad1 Bxe5
21. Bxc5 $13) 16... Ba6 17. Rf2) 15. Qxc5 Bxe4 16. Bg5 Nd7 (16... Nc6 17. Rae1
$1 Nxd4 (17... Rc8 18. d5 Nd4 19. Qxe7 $16) 18. Bxe7 Rc8 19. Qxa7 $16) 17. Qa3
(17. Qxe7 $2 Qxe7 18. Bxe7 Rfe8 19. Bd6 Bd3 $17) 17... Bf6 $6 (17... Nf6 $5 18.
Rfe1 e6) 18. Rfe1 Bxg5 19. hxg5 e6 20. Nf4 Bf5 (20... Bb7 21. Rxe6 $3 $16) 21.
d5 exd5 (21... Qxg5 $5 22. Nxe6 fxe6 23. dxe6 Kh8 24. exd7 Bxd7 25. Qe7 $14)
22. Bxd5 Rc8 23. Re7 $1 Qb6 $6 (23... Rc3 $1 24. Qd6 (24. Bb3 Nc5 25. Rxf7 Nxb3
26. Rxf8+ Qxf8 27. Qxf8+ Kxf8 28. axb3 Rxb3 29. Rxa7 $14) (24. Qb4 Qc7) 24...
Qc7 25. Qxc7 Rxc7 26. Rae1 $14) 24. Rae1 Rc2 25. Qf3 Qc5 26. Rxd7 $1 (26. Nxg6
Bxg6 27. Rxd7 Rc1 $16 (27... Rc1 {Petursson} 28. Rxc1 Qxc1+ 29. Kh2 Qxg5 30.
Rxa7 Qe5+ 31. g3 h4 $16)) (26. Nxh5 $5 Rc3 (26... Rc1 $1 {Petursson} 27. Rxc1
$2 Qxc1+ 28. Kh2 Qxg5 $19) 27. Qf4 Qxd5 28. Rxd7 Qxa2 29. Nf6+ Kg7 30. Qd4 $18)
26... Bxd7 27. Nxg6 Qc3 (27... Bg4 28. Qf6 $18) (27... Rc1 28. Qf6 Rxe1+ 29.
Kh2 Kh7 $8 30. Nxf8+ Qxf8 31. g6+ fxg6 32. Qxf8 $18) 28. Qxh5 (28. Qxh5 Re8 29.
Ne7+ Rxe7 30. Rxe7 Qa1+ 31. Kh2 Rxf2 32. Rxf7 $18) 1-0

[Event "Yopal"]
[Site "Yopal"]
[Date "1997.06.27"]
[Round "7"]
[White "Miles, Anthony John"]
[Black "Leko, Peter"]
[Result "1/2-1/2"]
[WhiteElo "2550"]
[BlackElo "2600"]
[Annotator "Ftacnik,L"]
[PlyCount "59"]
[EventDate "1997.06.20"]
[EventType "tourn"]
[EventRounds "9"]
[EventCountry "COL"]
[EventCategory "12"]
[SourceTitle "CBM 060"]
[Source "ChessBase"]
[SourceDate "1997.09.29"]
[SourceVersion "1"]
[SourceVersionDate "1997.09.29"]
[SourceQuality "1"]

1. Nf3 Nf6 2. d4 g6 3. c4 Bg7 4. Nc3 d5 5. cxd5 Nxd5 6. e4 Nxc3 7. bxc3 c5 8.
Rb1 O-O 9. Be2 cxd4 10. cxd4 Qa5+ 11. Bd2 Qxa2 12. O-O a5 13. Bg5 a4 14. Bxe7
Re8 15. Bd6 (15. Bg5 Rxe4 16. Bd3 Re6 $1 17. Qc1 Rc6 $17) (15. Bc5 Rxe4 16. Bd3
Re8 17. Ra1 Qd5 18. Rxa4 Rxa4 19. Qxa4 Bd7 20. Qc2 Bc6 21. Bc4 Qd7 22. Ne5 Bxe5
23. dxe5 Bxg2 24. e6 Rxe6 25. Rd1 Bh3 26. Bxe6 Qxe6 27. Rd8+ Kg7 28. Bf8+ {
1-0 Von Herman,U-Schnabel,R/OLNO 1992}) (15. Ra1 Qe6 16. Ba3 Qxe4 17. Re1 Bd7
18. Ne5 {1/2-1/2 Dorfman,J-Adorjan,A/Polanica Zdroj 1992}) (15. Rc1 Qe6 16. Bb4
(16. Ba3 Qxe4 17. Re1 Bd7 18. d5 Qf4 19. Rc4 Qf6 20. Rc7 (20. Qd2 Na6 21. Rb1
b5 22. Rcc1 Bh6 23. Qxh6 Rxe2 24. Re1 Rxe1+ 25. Nxe1 Qf5 26. Rc1 b4 27. Bb2 f6
{Vaisser,A-Leko,P/Cap D'Agde qual G2 1996/0-1 (74)}) 20... Bf8 21. d6 Bc6 22.
Qd2 Nd7 23. Rd1 Bg7 24. Bc4 Rad8 25. Ng5 Rf8 26. Re1 Ne5 27. Ba2 Rd7 {0-1
Lautier,J-Leko,P/Tilburg Fontys 1996 (40)}) 16... Qxe4 17. Re1 Bd7 18. Ng5 Qf4
19. Bd2 Qf6 20. Bc4 Rf8 21. Ne4 Qb6 22. d5 Na6 23. Be3 Qd8 24. Bd4 b5 25. Bxg7
Kxg7 26. Qd4+ f6 27. Bf1 {1/2-1/2 Sadler,M-Miles,A/Isle of Man op 1995 (31)})
15... Rxe4 (15... Qe6 16. e5 $16) (15... Bf5 16. Ra1 Qe6 17. e5 $16) 16. Rc1 (
16. Qc1 Be6 17. Bd3 Rg4 (17... Rxd4 18. Nxd4 Bxd4 19. Rxb7 Nd7 20. Qf4 Bg7 21.
Rxd7 Bxd7 22. Bc4 Qc2 23. Bd5 Bc6 24. Qxf7+ Kh8 25. Qc7 a3 26. Bxc6 {1-0
Solozhenkin,E-Vareille,F/Paris op 1994}) 18. h3 (18. Qc7 Nc6 19. Qxb7 Rc8 20.
Rbc1 Qd5 21. Bg3 Bxd4 22. Bb5 Na7 23. Rxc8+ Nxc8 24. Qxd5 Bxd5 25. Rd1 Bxf3 26.
gxf3 a3 27. fxg4 a2 {1/2-1/2 Ioseliani,N-Krupkova,P/Prague Menchik-mem 1996 
(40)}) 18... Qd5 19. Qc7 Nc6 20. hxg4 Rc8 21. Qxb7 Qxd6 22. Rfc1 Bf8 23. Be4
Na5 24. Qb5 Rxc1+ 25. Rxc1 Nb3 {0-1 Summerscale,A-Lerch,P/Candas op 1996 (35)})
16... Nc6 (16... Be6 17. Bd3 (17. d5 $5) 17... Rxd4 18. Nxd4 Bxd4 19. Bc4 $1
Bxc4 20. Qxd4 Be6 21. Bb4 Nc6 22. Rxc6 $1 bxc6 23. Bc3 $18) (16... Re8 17. Bc4
Qb2 18. Bc5 $14 (18. Ng5 Be6 19. Bxe6 fxe6 20. Qf3 Nc6 21. Qf7+ Kh8 22. Rxc6 $1
bxc6 23. Be5 $40) 18... Bf5 19. Ng5) (16... Qxe2 $2 17. Rxc8+ Re8 18. Qxe2 $18)
(16... Qe6 $2 17. Ng5 Qxd6 18. Rxc8+ Bf8 19. Nxe4 $18) (16... Bd7 17. Bc4 Qb2
18. Bd5 Rxd4 19. Nxd4 Qxd4 20. Qf3 $18) (16... Nd7 17. Bc4 Qb2 18. Rb1 Qc3 19.
Bxf7+ Kxf7 20. Ng5+ Kg8 21. Nxe4 Qxd4 22. Qf3 Nf8 23. Rfd1 $36) (16... Bf5 17.
Bc4 Qb2 18. Bd5 Rxd4 19. Nxd4 Qxd4 20. Bxb7 Ra7 21. Bc5 Qxd1 22. Rfxd1 Rxb7 23.
Rd8+ Bf8 24. g4 $1 Nd7 25. Bxf8 Nxf8 26. gxf5 f6 27. Rcc8 Rf7 28. fxg6 hxg6 29.
Ra8 $16) (16... Bg4 17. Bc4 Qb2 18. Qd3 $1 Rxd4 19. Nxd4 Qxd4 20. Qxd4 Bxd4 21.
h3 $1 Bc8 22. Rfe1 Nc6 23. Re8+ Kg7 24. Rf8 Ne5 25. Bxe5+ Bxe5 26. Rxf7+ $16)
17. Bc4 Qb2 18. Bxf7+ (18. Rb1 $5 Qc3 (18... Rxd4 19. Qe1 $1 {/\ Qe8, Rb2+-})
19. Bxf7+ Kxf7 (19... Kh8 20. Rc1 (20. Bd5 Re8 21. Ng5 $40) 20... Qa5 21. d5
Nd8 22. Ng5 $16) 20. Ng5+ Kg8 21. Nxe4 Qxd4 22. Qe2 $1 $18 {/\ Qa2} (22. Qc2 $5
Qd5 23. Rfd1 Nd4 24. Qc7 $5 Bf5 $5 25. Nc3 Qc6 26. Rxb7 Qxc7 27. Rxc7 $13)
22... Bf5 (22... Qd5 $4 23. Nf6+ $1 Bxf6 24. Qe8+ Kg7 25. Qf8#) (22... Be6 23.
Bc5 Qe5 $5 $13) 23. Qa2+ Kh8 24. Ng5 h6 (24... Nd8 25. Rbe1 $1 Qxd6 26. Re8+
Bf8 27. Rxd8 $1 $18) 25. Nf7+ Kh7 26. Rxb7 Be4 (26... a3 27. Bxa3 Qd3 28. Ng5+
$1 hxg5 29. Rxg7+ Kxg7 30. Bb2+ $18) (26... Bd3 $5 27. Rd1 Re8) 27. Ba3 Bxg2 $1
(27... Bd5 28. Qc2) 28. Bb2 Bd5 (28... Qg4 29. Ng5+ hxg5 30. Rxg7+ Kh6 31. Rh7+
Kxh7 32. Qf7+ Kh6 33. Qg7+ Kh5 34. Qh7#) 29. Bxd4 Bxa2 30. Bxg7 {1-0 Ivanov,
S-Zezulkin,J/POL-chT Lubniewice 1994 (33)}) 18... Kxf7 19. Ng5+ Kg8 20. Nxe4
Qxd4 21. Qe2 Bf5 22. Rc4 (22. Qa2+ Kh8 23. Ng5 h6 24. Nf7+ Kh7 25. Rfd1 Qb2 $1
$13) 22... Qb2 23. Qd3 a3 (23... Bxe4 24. Rxe4 a3 25. Rb1 Qxb1+ (25... Qa2 26.
Rxb7 $18) 26. Qxb1 a2 27. Re8+ Rxe8 28. Qxa2+ $18) 24. Rc2 Qb6 $1 (24... Qd4
25. Qb3+ Kh8 26. Qxb7 Rd8 27. Rxc6 Bxe4 28. Rc8 Bxb7 29. Rxd8+ Bf8 30. Rxf8+
Kg7 31. Bxa3 $16) 25. Bxa3 Nd4 (25... Qd4 $2 26. Qb3+ $18) (25... Bxe4 $2 26.
Qxe4 Rxa3 27. Qe6+ Kf8 28. Qd6+ $18) (25... Rxa3 26. Qxa3 Bxe4 27. Qa2+ Kf8 28.
Re2 $16) 26. Bc5 Qe6 (26... Qb3 27. Qc4+ Qxc4 28. Rxc4 b5 29. Rxd4 Bxd4 30.
Bxd4 Bxe4 $11) 27. Bxd4 Bxe4 28. Qc4 (28. Re2 $2 Bxd3 29. Rxe6 Bxd4 30. Rd1 Ra2
$19) 28... Bd5 29. Qd3 (29. Qc3 $2 Qe4 30. Qg3 Bxd4 $19) 29... Be4 30. Qc4
1/2-1/2

[Event "Ischia"]
[Site "Ischia"]
[Date "1996.??.??"]
[Round "5"]
[White "Sadler, Matthew D"]
[Black "Tseitlin, Mark D"]
[Result "1-0"]
[WhiteElo "2600"]
[BlackElo "2545"]
[Annotator "Ftacnik,L"]
[PlyCount "83"]
[EventDate "1996.06.??"]
[EventType "tourn"]
[EventRounds "9"]
[EventCountry "ITA"]
[EventCategory "14"]
[SourceTitle "CBM 054"]
[Source "ChessBase"]
[SourceDate "1996.10.01"]
[SourceVersion "1"]
[SourceVersionDate "1996.10.01"]
[SourceQuality "1"]

1. d4 Nf6 2. c4 g6 3. Nc3 d5 4. cxd5 Nxd5 5. e4 Nxc3 6. bxc3 Bg7 7. Nf3 c5 8.
Rb1 O-O 9. Be2 Qa5 10. O-O Qxa2 11. Bg5 Nd7 (11... Qe6) 12. Bxe7 Re8 13. Bd6 (
13. Bh4 cxd4 14. cxd4 Rxe4 15. Bd3 Re8 16. Ra1 Qd5 17. Qa4 Bf6 18. Bg3 Rf8 19.
Rab1 Bd8 20. Rb5 Qc6 21. Qa3 a6 22. Rbb1 b5 23. Rfe1 Nf6 {0-1 Nowak,I-Sygulski,
A/POL-ch (07)/1986/ (40)}) 13... cxd4 14. Nxd4 Nf6 15. f3 (15. Nb5 Rxe4 16. Bd3
Re6 17. Bc2 Ne8 18. Bb3 Qa5 19. Bxe6 Bxe6 20. Nd4 Bc4 21. Bb4 Qd5 22. Re1 Nf6 {
=/+ Novikov,I-Dvoirys,S/USSR 40/(575) 1985}) (15. Ra1 Qb2 16. Nb5 Nxe4 17. Ba3
Nxc3 18. Bxb2 Nxd1 19. Bxg7 Rxe2 20. Bf6 Bd7 21. Nc7 Rc8 22. Nd5 Nb2 23. Ne7+
Rxe7 24. Bxe7 Na4 25. Rfd1 Bc6 {Miralles,G-Kouatly,B/Cap d'Agde/1985/0-1 (56)})
15... Nd5 16. Qd3 $5 (16. exd5 Bxd4+ 17. Qxd4 Rxe2 18. g4 b6 19. Ra1 Qd2 20.
Qxd2 Rxd2 21. Rfe1 $1 Rxd5 $2 (21... Bb7 22. c4 $14) 22. Re8+ Kg7 23. Bf8+ Kf6
24. Be7+ Ke6 25. c4 $1 $18 {Kalinichev,S-Gauglitz,G/Berlin/1986/}) (16. Ra1 Qb2
17. Qa4 Bf5 18. exd5 Bxd4+ 19. Qxd4 Rxe2 20. g4 Rd2 21. Qb4 Bd3 22. Qxb2 Rxb2
23. Rfd1 Be2 24. Rd4 Bxf3 25. Bg3 a5 26. d6 {Vaisser,A-Dvoirys,S/Barnaul/1984/
1/2-1/2 (53)}) 16... b6 (16... Nxc3 17. Qxc3 Bxd4+ 18. Qxd4 Qxe2 19. Be5 $1 (
19. Bb4 Qa6 20. Bc3 f6 21. Qxf6 Qxf6 22. Bxf6 a5 $13) 19... f5 20. Bh8 Re7 21.
Qd8+ Kf7 22. Rfe1 Qc4 23. exf5 $16) (16... Rd8 $5 17. Ra1 Qb2 18. exd5 Bxd4+
19. Qxd4 Rxd6 20. Bc4 $14) 17. Kh1 Bd7 $2 (17... Nxc3 18. Qxc3 Bxd4 19. Qxd4
Qxe2 20. Be5 $16) (17... Bb7 18. Rfe1 Rad8 (18... Red8 $2 19. Ra1 Qb2 20. exd5
Bxd4 21. cxd4 Rxd6 22. Reb1 $18) 19. Ra1 Qb2 20. Rxa7 (20. exd5 Bxd4 21. cxd4
Rxd6 22. Rxa7 Bxd5 $17) 20... Qxc3 21. Qxc3 Nxc3 22. Rxb7 Rxd6 (22... Nxe2 23.
Nb5 $1) 23. Bc4 Bxd4 24. Bxf7+ Kf8 25. Bxe8 Kxe8 $13) 18. Rfe1 Rac8 (18... Nf6
19. Ra1 Qb2 20. Reb1 $18) 19. exd5 Bxd4 20. Ra1 $1 (20. cxd4 Bf5 21. Ra1 Bxd3
22. Rxa2 Rxe2 23. Raxe2 Bxe2 $10) 20... Qb2 (20... Rxe2 21. Qxe2 Qxe2 22. Rxe2
Rxc3 23. Re7 $18) (20... Bf5 $5 21. Qb5 (21. Qxd4 Rxe2 22. Rxa2 Rxe1+ 23. Qg1
Rxg1+ 24. Kxg1 a5 $13) (21. Qd1 Qxa1 22. Qxa1 Bxc3 23. Qxa7 (23. Qd1 Bxe1 24.
Qxe1 Rxe2 $19) 23... Bxe1 $17) 21... Rxe2 (21... Qd2 22. cxd4 $18) 22. Qxe2
Qxd5 23. cxd4 $16) 21. cxd4 Rc3 (21... Bf5 22. Qb5 $18) 22. Qa6 (22. Qd1 Rce3
23. Be5 f6 24. d6 $18) 22... Rce3 23. Be5 f6 24. Qb7 (24. Qxa7 fxe5 (24... Bh3
25. Bxf6 Bxg2+ 26. Kg1 $18) 25. Qxd7 exd4 26. Ra7 R8e7 27. Qxe7 Rxe7 28. Rxe7
$18) 24... Bc8 25. Qc6 Rf8 $8 26. d6 $1 (26. Bd6 $2 Rxe2 27. Reb1 Qxd4 28. Bxf8
Qf2 29. Rg1 Bh3 $1 $19) 26... fxe5 (26... Rxe2 27. Qc4+ $18) 27. d7 Bxd7 (27...
Bb7 28. Bc4+ Kg7 29. Qxb7 $18) 28. Bc4+ Kh8 29. Qd6 $1 (29. Qxd7 Rxe1+ 30. Rxe1
Qc3 31. Rd1 Qxc4 $13) 29... Rf5 (29... Rf4 30. Qxd7 Rxe1+ 31. Rxe1 Qc3 32. Qe8+
Kg7 33. Qxe5+ $18) 30. Qxd7 a5 (30... Rxe1+ 31. Rxe1 Qxd4 32. Qe8+ Kg7 33. Qe7+
Kh6 34. Bg8 $18) 31. Qe6 Kg7 (31... Rf8 32. Qe7 Rf5 33. Bf7 Rxe1+ 34. Rxe1 Qb4
35. Qxb4 axb4 36. Be6 $18) 32. Qe7+ Kh6 33. Qh4+ (33. Bg8 $1) 33... Rh5 (33...
Kg7 34. d5 $18) 34. Qf6 Rf5 (34... Qxd4 35. Qf8+ Kg5 36. Qe7+ Kh6 37. Bg8 Qf4
38. Qxh7+ Kg5 39. Qe7+ Kh6 40. g3 $1 Rxe1+ 41. Rxe1 Qxf3+ 42. Kg1 $18) 35. Qh4+
Rh5 36. Qe7 Rf5 (36... exd4 37. Qf8+ Kg5 38. Reb1 $18) 37. Bg8 $1 exd4 (37...
Rxe1+ 38. Rxe1 Qf2 39. Qxh7+ Kg5 40. h4+ Qxh4+ (40... Kf4 41. Re4+ Kg3 42. Rg4#
) 41. Qxh4+ Kxh4 42. dxe5 Kg3 43. Kg1 $18) 38. Qxh7+ Kg5 39. h4+ Kf6 (39... Kf4
40. Qxg6 $18) 40. Qh8+ Ke7 41. Rxe3+ Kd6 (41... dxe3 42. Qxb2 $18) 42. Rd1 1-0

[Event "Politiken Cup 18th"]
[Site "Copenhagen"]
[Date "1996.??.??"]
[Round "4"]
[White "Wells, Peter K"]
[Black "Krasenkow, Michal"]
[Result "1-0"]
[WhiteElo "2495"]
[BlackElo "2610"]
[Annotator "Ftacnik,L"]
[PlyCount "81"]
[EventDate "1996.06.??"]
[EventType "swiss"]
[EventRounds "11"]
[EventCountry "DEN"]
[SourceTitle "CBM 054"]
[Source "ChessBase"]
[SourceDate "1996.10.01"]
[SourceVersion "1"]
[SourceVersionDate "1996.10.01"]
[SourceQuality "1"]

1. d4 {Chekhov} Nf6 2. c4 g6 3. Nc3 d5 4. cxd5 Nxd5 5. e4 Nxc3 6. bxc3 Bg7 7.
Nf3 c5 8. Rb1 O-O 9. Be2 Nc6 (9... cxd4 $5 {Chekhov} 10. cxd4 Qa5+ 11. Bd2 Qxa2
) 10. d5 Ne5 11. Nxe5 Bxe5 12. Qd2 b6 13. O-O Bg7 14. Bc4 e6 15. f4 Bb7 (15...
exd5 16. Bxd5 Rb8 17. c4 $16) (15... Rb8 16. e5 exd5 17. Bxd5 Bf5 18. Rb3 Qe7
19. c4 Rfd8 20. Bb2 b5 21. Qe2 $14 {Schussler,H-Hansen,C/Malme/1987/0,5/49/})
16. dxe6 (16. f5 gxf5 $1 $17) (16. Qd3 exd5 17. exd5 Bc8 $1 $36) 16... Bxe4 17.
exf7+ Kh8 18. Rb2 (18. Rb3 Qxd2 19. Bxd2 Rad8 {/\ 20... Bd5, 20... Bd3|^})
18... Qxd2 (18... Qf6 {/\ Rad8, Bd5} 19. Re1 Qf5 20. h3 Rad8 21. g4 Rxd2 22.
Bxd2 $5 Qf6 23. Rxe4 $14) 19. Bxd2 (19. Rxd2 Bxc3 20. Re1 Bf5 (20... Bxd2 $4
21. Bb2+ $18) 21. Re3 (21. Re7 Kg7 22. Bb2 Bxb2 23. Rxb2 Rad8 24. Rxa7 Rd1+ {
1/2-1/2 Wells,P-Stohl,I/Isle of Man op (02)/1995/} (24... Rd1+ $22 {Chekhov}
25. Kf2 Bd3 $10 {Wells,P-Stohl,J/Isle of Man/1995/0,5/24/})) 21... Bd4 (21...
Ba1 $5 $13) 22. Rxd4 cxd4 23. Bb2 Rad8 24. Re7 (24. g4 Bxg4 25. Re4 h5 26. Rxd4
Rxd4 27. Bxd4+ Kh7 28. Be5 b5 29. Bb3 Be2 30. Bd6 Kg7 31. Be5+ $10) 24... Kg7
25. Rxa7 b5 26. Bb3 Bd3 {1/2-1/2 Sadler,M-Stohl,I/Isle of Man op (07)/1994/ 
(35)}) 19... Rad8 20. Re1 Rxd2 (20... Bc6 21. f5 Bd5 22. Bxd5 Rxd5 23. fxg6
hxg6 24. Re7 b5 25. Rxa7 b4 26. Rc2 Rf5 27. h4 c4 28. Kh2 R8xf7 29. Rxf7 Rxf7
30. cxb4 {1-0 Sadler,M-Hachian,M/Candas op (05)/1996/ (41)}) (20... Bd5 $5 {
Chekhov} 21. Bxd5 Rxd5 22. Re7 a6 23. Kf2 (23. c4 Rd6 (23... Bxb2 24. cxd5 Kg7
25. d6 Bf6 26. Rb7 (26. Ra7 $5 Rxf7 27. Rxa6 Rb7 28. g4 Kf7 29. Kf2 Ke6 $132)
26... b5 27. d7 Bd8 $1) 24. Rc2 Bd4+ 25. Kf1 Kg7 $10) 23... b5 24. g4 (24. Ke2
Rf5 $10) 24... c4 $6 (24... b4 $1 25. Rc2 bxc3 26. Bxc3 Bxc3 27. Rxc3 Rd2+ 28.
Re2 (28. Kg3 Rxa2 29. Rxc5 Kg7 30. Rcc7 Ra3+ $22 31. Kh4 Rf3 $10) 28... Rxe2+
$6 (28... Rd4 $1 $10) 29. Kxe2 Rxf7 30. Kf3 Rc7 31. Ke4 $16) 25. Ke2 $16) 21.
Rxd2 Bxc3 22. Rd8 $3 $146 (22. Rde2 Bxe1 23. Rxe1 b5 $5 24. Rxe4 bxc4 25. Rxc4
Rxf7 26. Rxc5 Rxf4 $10) (22. Rxe4 {Chekhov} Bxd2 23. Re7 (23. g3 b5 24. Bxb5 (
24. Bd5 c4 $132) 24... Rxf7 $10) 23... Bxf4 24. Rxa7 Bd2 25. Kf2 Kg7 26. Rb7
Ba5 $14) 22... Rxd8 23. Rxe4 Rf8 (23... Bd4+ 24. Kf1 Rf8 25. Re7 a5 26. a4 $16)
24. Re7 a5 (24... Kg7 $5 25. Rxa7 (25. a4 a6 26. Rb7 Ba5 27. Kf2 $14) 25... b5
26. Bd5 (26. Bxb5 {Chekhov} Rxf7 27. Rxf7+ Kxf7 28. Kf2 Kf6 29. Kf3 h5 30. Ke4
$16) 26... Rd8 27. Be6 c4 28. Rb7 Bd4+ 29. Kf1 c3 $14) 25. a4 (25. Rb7 Kg7 26.
Rxb6 $16) 25... Kg7 26. Kf2 Bf6 27. Re8 (27. Rb7 Bd8 28. Ke3) 27... Bd8 (27...
h5 $5 {Chekhov}) 28. Kf3 Bf6 29. Ke4 Bc3 (29... h5 $5 {Chekhov}) 30. g4 h6 31.
f5 g5 (31... gxf5+ 32. Kxf5 Bd4 33. h4 Bf2 34. g5 hxg5 35. h5 $18) 32. Be6 c4 (
32... Bd4 33. Kd5 Bb2 34. Kc6 $18) (32... Bf6 {Chekhov} 33. Kd5 Bc3 34. Kc6 Bd4
35. Bc4 Bf6 36. Kxb6 $18) 33. Bxc4 Bb4 34. Re6 Kxf7 (34... Rxf7 35. Rg6+ $18) (
34... Bc5 {Chekhov} 35. Rg6+ Kh7 36. Rg8 h5 37. h3 Bb4 38. f6 Bc5 39. Kf5 hxg4
40. hxg4 $18) 35. Rxh6+ Ke7 (35... Kg7 36. Rg6+ Kh7 37. Rxg5 $18) 36. Rxb6 Bc3
37. Re6+ Kd8 38. Bb5 Bb2 (38... Rf6 39. Kd5 Bb2 40. Rxf6 Bxf6 41. Ke6 $18) 39.
h3 Kc7 40. Rc6+ Kb7 41. Rg6 (41. Rg6 Bf6 42. Kd5 $18) 1-0

[Event "RUS-Cup Final"]
[Site "Sochi"]
[Date "1997.09.22"]
[Round "5"]
[White "Shcherbakov, Ruslan"]
[Black "Yandemirov, Valeri"]
[Result "1/2-1/2"]
[WhiteElo "2580"]
[BlackElo "2500"]
[Annotator "Ftacnik,L"]
[PlyCount "83"]
[EventDate "1997.09.17"]
[EventType "tourn"]
[EventRounds "11"]
[EventCountry "RUS"]
[EventCategory "13"]
[SourceTitle "CBM 062"]
[Source "ChessBase"]
[SourceDate "1998.01.31"]
[SourceVersion "1"]
[SourceVersionDate "1998.01.31"]
[SourceQuality "1"]

1. d4 Nf6 2. c4 g6 3. Nc3 d5 4. cxd5 Nxd5 5. e4 Nxc3 6. bxc3 Bg7 7. Be3 c5 8.
Qd2 cxd4 9. cxd4 Nc6 10. Rd1 O-O 11. Nf3 Qa5 12. Qxa5 Nxa5 13. Be2 b6 (13...
Bd7 14. Bd2 (14. Rc1 Rfc8 15. Kd2 f5 16. Rxc8+ Rxc8 17. exf5 Bxf5 18. Rc1 Rxc1
19. Kxc1 Be6 20. Kb2 Nc4+ {1/2-1/2 Bukic,E-Boric,M/JUG-Cup f 1991/}) 14... b6 (
14... Nc6 15. d5 Nd4 16. Nxd4 Bxd4 17. Bb4 Bf6 18. f4 a5 19. Ba3 Bc3+ 20. Kf2
b5 21. Bxe7 Rfe8 22. d6 a4 23. Ke3 a3 24. Rd5 Rab8 25. Bd1 Be6 26. Rd3 Bb4 27.
Bb3 {Babu,N-Konguvel,P/Sakthi 1996/1-0 (49)}) 15. O-O Rfd8 (15... Rfc8 16. Rc1
Rxc1 17. Rxc1 Rc8 18. Rxc8+ Bxc8 19. Bxa5 bxa5 20. Bc4 e6 21. Ne5 Bb7 22. f3
Kf8 23. Kf2 Ke7 24. Ke3 {Sorokin,M-Dvoirys,S/Ljubljana op 1992/1/2-1/2 (51)})
16. Rc1 Bg4 17. d5 Nb7 18. h3 Bxf3 19. Bxf3 Nc5 20. Be3 Rac8 21. Bg4 Rb8 22.
Rc4 $14 {1/2-1/2 Karpov,A-Kasparov,G/Wch35-KK5 1990/ (33)}) (13... e6 14. O-O
b6 (14... Bd7 $5) 15. d5 exd5 16. exd5 Bb7 17. Bg5 $1 f6 (17... Rfe8 18. Bb5
$16) 18. Bf4 Rad8 19. d6 Rfe8 20. Nd4 a6 (20... f5 21. Bb5 Re4 22. Ne2 $1) 21.
Rfe1 Bf8 22. Nb3 Re4 (22... Nxb3 23. Bc4+ $1 Kg7 24. Rxe8 Rxe8 25. d7 $18) 23.
Nxa5 bxa5 24. Bg3 {1-0 Sorokin,M-Dvoirys,S/URS-ch58 1991/ (33)}) 14. O-O (14.
Bd2 Bb7 15. Bd3 Rac8 16. Bxa5 bxa5 17. Rb1 Ba8 18. Ke2 Rc3 19. Rb3 Rc7 20. Rhb1
f5 21. e5 h6 22. Rb8 e6 23. Nh4 Kf7 24. Rxf8+ Bxf8 25. Rb8 Bd5 26. Nxg6 Kxg6
27. Rxf8 {1-0 Epishin,V-Neverov,V/RUS-Cup1 Chigorin mem/1996/}) 14... Bb7 15.
d5 Rac8 16. Nd4 Nc4 (16... Bxd4 17. Rxd4 Rc2 18. Rd2 Rfc8 19. Bd3 Rxd2 20. Bxd2
Nc4 21. Bc3 $14) 17. Bg5 Rfe8 (17... Nb2 18. Rd2 Nc4 19. Rc2 Nd6 20. Nc6 Bxc6
21. dxc6 Nxe4 22. Bxe7 Rfe8 23. Ba6 Rc7 24. Bb4 $14) 18. Bg4 Rc5 $2 (18... Rc7
$5 19. Bf4 (19. Nb5 Rc5 20. Nxa7 e6 $1 $17) 19... Be5 (19... Rc5 20. Nb3 $18)
20. Bxe5 Nxe5 21. Bh3 Nc4 $13) 19. Bd7 $1 Rd8 20. Bc6 Bxc6 21. Nxc6 (21. Bxe7
$2 Ba4 $1 22. Bxd8 Bxd1 23. Rxd1 Nb2 $19) 21... Re8 22. Bxe7 $1 (22. Nxa7 h6
$13) (22. Nxe7+ Kf8 23. Nc6 Rxe4 $11) 22... Rxc6 $8 23. dxc6 Rxe7 24. Rd8+ Bf8
25. Rc1 {White is clearly enjoying advantage with his superstrong c6 pawn.
Weiss hat dank des übermächtigem c6-Bauer offensichtlichen Vorteil.} b5 (25...
Na5 26. c7 $18) 26. a4 a6 27. Ra8 Rc7 (27... Nb6 28. Rxa6 Bh6 29. Rc2 Nd5 30.
axb5 $18) 28. Rxa6 (28. Rd1 Kg7 29. Rxa6 bxa4 30. Rd7 Rc8 31. Rd4 Ne5 32. Rdxa4
h5 $11) 28... Bh6 29. Rc3 (29. Rc2 $1 Na3 (29... Nd6 30. e5 Nc4 31. axb5 Nxe5
32. b6 Rxc6 33. b7 $18) 30. Rb2 Bc1 (30... bxa4 31. Rb7 Rc8 32. c7 Bf4 33. Rxa4
Nc2 34. Rb8 Rxb8 35. cxb8=Q+ Bxb8 36. Ra8 $18) 31. Rb3 bxa4 32. Rb7 Rc8 33. c7
Kg7 34. Rxa4 $18) 29... Nd6 30. Rd3 (30. e5 Ne4 31. Rh3 (31. Rc2 bxa4 32. Rxa4
Ng5 $14) 31... Bf4 32. axb5 Bxe5 33. Rd3 $16) 30... Bf8 31. axb5 $2 {It is
quite remarkable, how insecurely white plays this endgame. Es ist merkwürdig,
wie ungenau Weiss dieses Endspiel spielt.} (31. e5 Nc4 32. axb5 Nxe5 33. Rd1
Rc8 34. b6 Nxc6 35. b7 Rc7 36. Rxc6 Rxb7 37. Kf1 $16) 31... Nxb5 32. e5 $6 (32.
Rd7 Rc8 33. Rb6 Nc7 34. Rb7 Ne6 35. c7 $16) 32... Rc8 33. g3 (33. Rd7 Nc7 34.
Ra7 Ne6 35. Rxf7 (35. c7 Bg7 36. f4 Kf8 $15) 35... Rxc6 36. h4 $11) 33... Nc7
34. Ra7 Ne6 35. Rdd7 Rxc6 36. Rxf7 Ng5 37. Rfc7 (37. Rf6 Rxf6 38. exf6 Ne4 39.
Ra6 Kf7 40. Ra7+ Kxf6 41. Rxh7 Bc5 $11) 37... Rxc7 38. Rxc7 Nf3+ 39. Kg2 Nxe5
40. f4 Ng4 41. h3 Nf6 42. Kf3 1/2-1/2